000 00431nam a22001697a 4500
003 UA-OsUOA
001 5361
007 ta
008 20050721b un ||||| |||| 00| 0 ukr d
100 _aКотюк
700 _aК. Б.
942 _cBK
040 _aUA-OsUOA
_cUA-OsUOA
_dUA-OsUOA
245 _aГендерні особл. аплікації репрезен. систем у мовл.
_bSA Paper
955 _a2
650 7 _2UDC
999 _c291523
_d291523